Statistics for Abilities based on the Pokemon-Gen VIII

Click here to take the quiz!

General Stats

  • This quiz has been taken 5 times
  • The average score is 13 of 20

Answer Stats

PokemonAbility(ies)% Correct
PerrserkerBattle Armour | Tough Claws
100%
Galarian MoltresBerserk
100%
DragapultClear Body | Infiltrator
100%
Polteageist (Hidden)Cursed Body
100%
ZamazentaDauntless Shield
100%
Falinks (Hidden)Defiant
100%
RegidragoDragon's Maw
100%
CentiscorchFlash Fire | White Smoke
100%
DubwoolFluffy | Steadfast
100%
SpectrierGrim Neigh
100%
HattereneHealer | Anticipation
100%
EiscueIce Face
100%
Frosmoth (Hidden)Ice Scales
100%
ZarudeLeaf Guard
100%
Cinderace (Hidden)Libero
100%
GrapploctLimber
100%
Hatterene (Hidden)Magic Bounce
100%
RillaboomOvergrow
100%
Indeedee♀ (Hidden)Psychic Surge
100%
Indeedee♂ (Hidden)Psychic Surge
100%
ToxtricityPunk Rock | Plus
100%
Galarian SlowbrowQuick Draw | Own Tempo
100%
Galarian SlowbroRegenerator
100%
FlappleRipen | Gluttony
100%
SandacondaSand Spit | Shed Skin
100%
CopperajahSheer Force
100%
Arctozolt (Hidden)Slush Rush
100%
Inteleon (Hidden)Sniper
100%
Perrserker (Hidden)Steely Spirit
100%
DreadnawStrong Jaw | Shell Armour
100%
OrbeetleSwarm | Frisk
100%
AlcremieSweet Veil
100%
Mr. RimeTangles Feet | Screen Cleaner
100%
InteleonTorrent
100%
DracozoltVolt Absorb | Hustle
100%
Galarian DarmanitanZen Mode
100%
Sirfetch'dSteadfast
50%
Galarian RapidashAnticipation
0%
Alcremie (Hidden)Aroma Veil
0%
Calyrex-Ghost RiderAs One-Ghost
0%
Calyrex-Ice RiderAs One-Ice
0%
FalinksBattle Armour
0%
CinderaceBlaze
0%
Dubwool (Hidden)Bulletproof
0%
GreedentCheek Pouch
0%
GlastrierChilling Neigh
0%
Boltund (Hidden)Competitive
0%
Galarian ArticunoCompetitive
0%
EldegossCotton Down | Regenerator
0%
Galarian SlowkingCurious Medicine | Own Tempo
0%
DragapultCursed Body
0%
Galarian ZapdosDefiant
0%
Obstagoon (Hidden)Defiant
0%
Eldegoss (Hidden)Effect Spore
0%
Pincurchin (Hidden)Electric Surge
0%
Centiscorch (Hidden)Flame Body
0%
Coalossal (Hidden)Flash Fire
0%
Greedent (Hidden)Gluttony
0%
Galarian DarmanitanGorilla Tactics
0%
Rillaboom (Hidden)Grassy Surge
0%
CramorantGulp Missile
0%
Copperajah (Hidden)Heavy Metal
0%
MorpekoHunger Switch
0%
Flapple (Hidden)Hustle
0%
Mr. Rime (Hidden)Ice Body
0%
Indeedee♂Inner Focus | Synchronise
0%
ZacianIntrepid Sword
0%
Galarian WeezingLevitate | Neutralising Gas
0%
DuraludonLight Metal | Heavy Metal
0%
PincurchinLightning Rod
0%
Galarian StunfiskMimicry
0%
Corviknight (Hidden)Mirror Armour
0%
Galarian WeezingMisty Surge
0%
Indeedee♀Own Tempo | Synchronise
0%
Cursola (Hidden)Perish Body
0%
Grimmsnarl (Hidden)Pickpocket
0%
StonjournerPower Spot
0%
GrimmsnarlPrankster | Frisk
0%
EternatusPressure
0%
CorviknightPressure | Unnerve
0%
Barraskewda (Hidden)Propeller Tail
0%
ObstagoonReckless | Guts
0%
Galarian SlowkingRegenerator
0%
AppletunRipen | Gluttony
0%
Galarian RapidashRun Away | Pastel Veil
0%
ThievulRun Away | Unburden
0%
Dracovish (Hidden)Sand Rush
0%
Dracozolt (Hidden)Sand Rush
0%
Sandaconda (Hidden)Sand Veil
0%
Sirfetch'd (Hidden)Scrappy
0%
FrosmothShield Dust
0%
Arctovish (Hidden)Slush Rush
0%
Thievul (Hidden)Stakeout
0%
Duraludon (Hidden)Stalwart
0%
CoalossalSteam Engine | Flame Body
0%
BoltundStrong Jaw
0%
Dreadnaw (Hidden)Swift Swim
0%
BarraskewdaSwift Swim
0%
Grapploct (Hidden)Technician
0%
Toxtricity (Hidden)Technician
0%
Orbeetle (Hidden)Telepathy
0%
Appletun (Hidden)Thick Fat
0%
RegielekiTransistor
0%
CalyrexUnnerve
0%
UrshifuUnseen Fist
0%
ArctozoltVolt Absorb | Static
0%
RunerigusWandering Spirit
0%
ArctovishWater Absorb | Ice Body
0%
DracovishWater Absorb | Strong Jaw
0%
PolteageistWeak Armour
0%
CursolaWeak Armour
0%

Score Distribution

Percentile by Number Answered

Percent of People with Each Score

Your Score History

You have not taken this quiz